000
00310nam a22001457a 4500
020
_a
81-8022-015-X
082
_a
920
_b
DEO/L
100
_a
DEO,SUBHASH G.
245
_a
LAVOISIER
250
_a
FIRST
260
_a
DELHI
_b
PRIORITY PUBLICATION
_c
2004
300
_a
74
650
_a
BIOGRAPHY
_z
DELHI
942
_c
BK
999
_c
6378
_d
6378